Statistics for NFL Teams eliminated from the playoffs

Click here to take the quiz!

General Stats

  • This quiz has been taken 56 times
    (42 since last reset)
  • The average score is 8 of 13

Answer Stats

Record Team % Correct
6-8Cincinatti Bengals
79%
4-9New York Jets
79%
4-9Jacksonville Jaguars
74%
4-9Buffalo Bills
74%
5-9New York Giants
74%
5-9Detroit Lions
74%
5-8Tampa Bay Buccaneers
59%
5-8-1Green Bay Packers
59%
3-10Oakland Raiders
56%
3-10Arizona Cardinals
53%
3-10San Francisco 49ers
50%
6-8Denver Broncos
50%
5-9Atlanta Falcons
44%

Score Distribution

Percentile by Number Answered

Percent of People with Each Score

Your Score History

You have not taken this quiz since the last reset